| 000 | | | 06084cbm0a2200373#x 450 |
| 001 | | | 77e91b85-c9ef-44bb-a56d-7942f71f6443 |
| 005 | | | 20210528132942.0 |
| 100 | ## | $a | 20210526j19401010k###0rusy50 ca |
| 101 | 0# | $a | rus |
| 102 | ## | $a | RU |
| 122 | 1# | $a | d19401010## |
| | $a | d19401009## |
| 200 | 1# | $a | Из дневника первого заместителя наркома иностранных дел СССР А. Я. Вышинского - беседа с послом Великобритании в СССР С. Криппсом о незаконном задержании в британских портах, а также портах Канады и о. Цейлона эстонских и латвийских морских судов с приложением ноты советского правительства от 9 октября 1940 г. |
| | $j | 10 октября 1940 г. |
| 251 | ## | $c | Документ |
| 300 | ## | $a | Заверенная копия |
| 461 | #0 | $1 | 2001 |
| | $a | Ф. 07 |
| | $1 | 251 |
| | $c | Фонд |
| | $1 | 852 |
| | $j | 07 |
| 462 | #0 | $1 | 2001 |
| | $a | Оп. 1. П. 2 |
| | $1 | 251 |
| | $c | Опись |
| | $1 | 852 |
| | $j | 1. П. 2 |
| 462 | #0 | $1 | 2001 |
| | $a | Д. 22 |
| | $v | Л. 11-18 |
| | $1 | 251 |
| | $c | Дело |
| | $1 | 852 |
| | $j | 22 |
| 600 | #1 | $2 | prlib_sh |
| | $3 | LIBNET\UAF\0000091749 |
| | $a | Криппс |
| | $b | Р.С. |
| | $g | Ричард Стаффорд |
| | $f | 1889-1952 |
| | $j | Документы и материалы |
| 605 | ## | $2 | prlib_sh |
| | $3 | LIBNET\UAF\0000088514 |
| | $a | Вторая мировая война в архивных документах (Комплекс оцифрованных архивных документов, кино- и фотоматериалов) |
| | $l | коллекция |
| 606 | 1# | $2 | prlib_sh |
| | $3 | LIBNET\UAF\0000095027 |
| | $a | Морские суда |
| | $x | Арест |
| | $x | История |
| | $j | Документы и материалы |
| 607 | ## | $2 | prlib_sh |
| | $3 | LIBNET\UAF\0000095022 |
| | $a | Великобритания |
| | $x | Взаимоотношения |
| | $y | СССР |
| | $z | 1940 |
| | $j | Документы и материалы |
| 607 | ## | $2 | prlib_sh |
| | $3 | LIBNET\UAF\0000095021 |
| | $a | СССР |
| | $x | Взаимоотношения |
| | $y | Великобритания |
| | $z | 1940 |
| | $j | Документы и материалы |
| 617 | ## | $2 | prlib_sh |
| | $a | Великобритания |
| | $f | 1940 |
| 617 | ## | $2 | prlib_sh |
| | $a | Канада |
| | $f | 1940 |
| 617 | ## | $2 | prlib_sh |
| | $a | Эстония |
| | $f | 1940 |
| 617 | ## | $2 | prlib_sh |
| | $a | Латвия |
| | $f | 1940 |
| 686 | ## | $a | 63.3(2)621-6ю11 |
| | $v | LBC/M |
| | $2 | rubbk |
| 686 | ## | $a | 63.3(4Вел)62-6ю11 |
| | $v | LBC/M |
| | $2 | rubbk |
| 801 | #0 | $a | RU |
| | $b | ПБ им. Б.Н. Ельцина |
| | $c | 20210526 |
| 801 | #1 | $a | RU |
| | $b | ПБ им. Б.Н. Ельцина |
| | $c | 20210526 |
| | $2 | rusmarc |
| 801 | #2 | $a | RU |
| | $b | ПБ им. Б.Н. Ельцина |
| | $c | 20210528 |
| | $2 | rusmarc |
| 850 | ## | $a | Архив внешней политики Российской Федерации |
| 852 | ## | $a | АВП РФ |
| | $j | Л. 11-18 |
| 856 | 4# | $n | ПБ им. Б.Н. Ельцина |
| | $u | http://readingroom.main.prlib.ru/item.aspx?id_node=n163982610&mode=full |
| 035 | ## | $a | LIBNET\0001156472 |
| 937 | ## | $d | 163982610 |
| | $h | Федеральное архивное агентство |